00801cam a22002171 450000100060000000300080000600500170001400800390003103500190007003500190008904000220010804100080013008200200013810000260015824501690018426000850035330000410043865000310047965000260051071000470053615087BD-RjUL20211208235740.0140209s1962 xx 000 0 eng a(BD-RjUL)15141 a(OCoLC)1077108 aDLCcOUdDLCbeng aeng a607.2bTEC 19621 aBright, James Rieser,10aTechnological planning on the corporate level :bproceedings of a conference /csponsored by the Associates if the Harvard Business School, September 8 and 9, 1961. aBoston :bHarvard University, Graduate School of Business Administration,c1962. a253 p. :bdiagrs., tables. ;c21 cm. 0aTechnological innovations. 0aResearch, Industrial.2 aAssociates of the Harvard Business School.